Textbook of dental radiography (Record no. 32871)

MARC details
000 -LEADER
fixed length control field 00687nam a2200181 a 4500
008 - FIXED-LENGTH DATA ELEMENTS--GENERAL INFORMATION
fixed length control field 111207s1977 ||||||||||||||||| || u
020 ## - INTERNATIONAL STANDARD BOOK NUMBER
International Standard Book Number 0398027463
050 ## - LIBRARY OF CONGRESS CALL NUMBER
Classification number RK 270 Lan
100 ## - MAIN ENTRY--PERSONAL NAME
Personal name Sippy, Francis H
245 10 - TITLE STATEMENT
Title Textbook of dental radiography
Statement of responsibility, etc. by Olaf E. Langland and Francis H. Sippy
260 ## - PUBLICATION, DISTRIBUTION, ETC.
Place of publication, distribution, etc. Springfield, Ill.
Name of publisher, distributor, etc. Charles C Thomas
Date of publication, distribution, etc. 1977
300 ## - PHYSICAL DESCRIPTION
Extent xvii, 380p.: ill.
350 ## -
-- 0.00
650 ## - SUBJECT ADDED ENTRY--TOPICAL TERM
Topical term or geographic name entry element RADIOGRAPHY
650 #0 - SUBJECT ADDED ENTRY--TOPICAL TERM
Topical term or geographic name entry element DENTISTRY--ATLASES
700 ## - ADDED ENTRY--PERSONAL NAME
Personal name Langland, Olaf E
995 ## -
-- MEDICAL LIBRARY OPEN ACCESS
-- 0.00
-- 901431
-- CBU-SCHOOL OF MEDICINE LIBRARY (Ndola)
-- 1
-- 0.00
-- RK 270 Lan
-- 1
-- AVAILABLE
-- Dec 7, 2011
-- 901431
-- Medical Library Open Access Collection
999 ## -
-- 32871
-- 32871
Holdings
Withdrawn status Lost status Source of classification or shelving scheme Damaged status Not for loan Permanent Location Current Location Shelving location Date acquired Total Checkouts Full call number Barcode Date last seen Price effective from Koha item type
          CBU-SCHOOL OF MEDICINE LIBRARY, NDOLA. CBU-SCHOOL OF MEDICINE LIBRARY, NDOLA.   11/30/2022   RK 270 Lan 901431 11/30/2022 11/30/2022 MONOGRAPH